Open Data Biblioteca Nacional de Portugal


República Portuguesa: Ministério da Cultura
Biblioteca Nacional de Portugal

Catálogo da BNP: acesso por Identificadores Unívocos
Registos Bibliográficos associados ao registo de autoridade

Etiqueta de registo: 00254nam 2200025 450
001 2113270
003 http://id.bnportugal.gov.pt/bib/catbnp/2113270
010 ## $a978-989-33-3862-9
021 ## $aPT$b505818/22
100 ## $a20221025d2022 m y0pory01030103ba
101 0# $apor
102 ## $aPT
105 ## $aa z 000yy
106 ## $ar
200 1# $aTrabalhar, viver e conviver$fcoord. Clube Desportivo da Cova da Piedade$gAdelino Cardoso... [et al.]
210 #9 $a[S.l.,$cs.n.],$d2022$g(Tipografia Lobão)
215 ## $a56 p.$cil.$d22 cm
675 ## $a061.23(469.412)(091)$vBN$zpor$31509780
702 #1 $93$aCardoso,$bAdelino$4070$31862175
712 02 $aClube Desportivo da Cova da Piedade$4340$3311882
801 #0 $aPT$bBN$gRPC
856 41 $uhttp://rnod.bnportugal.gov.pt/ImagesBN/winlibimg.aspx?skey=&doc=2113270&img=170884&save=true
900 ## $aBIBNAC$d20221216
966 ## $lBN$mFGMON$sP. 61268 V.$x1
966 ## $lBN$mFGMON$sP. 61268 V.-D$x1
971 ## $carosa$d20221025
972 ## $e0$z0$d20221216$viquintas
973 ## $csteixeira$d20221102

OpendataBNP@bnportugal.pt | Mais informação sobre acesso aos dados BNP